[Event "Bucharest Super Rapid op"]
[Site "Bucharest"]
[Date "2022.05.01"]
[Round "5"]
[White "Nacu, Mihai"]
[Black "Vrajitoru, Vlad Laurentiu Flor"]
[Result "0-1"]
[WhiteElo "1641"]
[BlackElo "2023"]
[PlyCount "160"]
[EventDate "2022.04.30"]
[EventType "swiss (rapid)"]
[EventRounds "10"]
[EventCountry "ROU"]
[SourceTitle "CBM 208 Extra"]
[Source "ChessBase"]
[SourceDate "2022.07.31"]
[SourceVersion "1"]
[SourceVersionDate "2022.07.31"]
[SourceQuality "1"]

1. Nf3 d5 2. d4 Nf6 3. c4 e6 4. Nc3 Be7 5. Bg5 0-0 6. e3 a6 7. Qc2 h6 8. Bh4 Re8 9. Bd3 dxc4 10. Bxc4 b5 11. Bd3 Bb7 12. Bxf6 Bxf6 13. Ne4 Nd7 14. Rc1 Rc8 15. Nc5 Nxc5 16. Qxc5 Be7 17. Qc2 c5 18. 0-0 cxd4 19. Qe2 dxe3 20. Qxe3 Bf6 21. b3 Qa5 22. Bb1 Red8 23. Rxc8 Rxc8 24. Qd3 g6 25. Qe3 Kg7 26. h3 Bd5 27. Ne5 Qc3 28. Ng4 Qxe3 29. fxe3 Be7 30. Ne5 Bf6 31. Ng4 Bc3 32. Rc1 b4 33. Bd3 a5 34. Rf1 h5 35. Nf2 Ra8 36. Nd1 Be5 37. Nf2 a4 38. e4 Bb7 39. Bc4 Bd4 40. Re1 axb3 41. Bxb3 e5 42. Kf1 Ba6+ 43. Kg1 Rc8 44. g3 Bb7 45. Kg2 f5 46. g4 hxg4 47. hxg4 Kf6 48. gxf5 gxf5 49. Rh1 Bxf2 50. Kxf2 Bxe4 51. Rg1 Rd8 52. Ke3 Rd3+ 53. Ke2 Rd8 54. Rc1 Rd4 55. Rc7 f4 56. Rf7+ Kg5 57. Rg7+ Kf5 58. Rf7+ Kg6 59. Re7 Bd3+ 60. Kf3 Be4+ 61. Ke2 Bd3+ 62. Kf3 Kf6 63. Rf7+ Kg5 64. Rg7+ Bg6 65. Bc2 Rd6 66. Re7 Bxc2 67. Rxe5+ Bf5 68. Rb5 Rd3+ 69. Kf2 Rd2+ 70. Kf3 Rxa2 71. Rxb4 Ra3+ 72. Kf2 Kg4 73. Rb2 Rh3 74. Rb4 Rh2+ 75. Kg1 Rd2 76. Rb3 Bd3 77. Rb8 Kf3 78. Rf8 Rd1+ 79. Kh2 Ke3 80. Re8+ Be4 0-1

[Event "Bucharest Super Rapid op"]
[Site "Bucharest"]
[Date "2022.05.01"]
[Round "9"]
[White "Prisacaru, Stefan Emilian"]
[Black "Vrajitoru, Vlad Laurentiu Flor"]
[Result "1-0"]
[WhiteElo "1940"]
[BlackElo "2023"]
[PlyCount "77"]
[EventDate "2022.04.30"]
[EventType "swiss (rapid)"]
[EventRounds "10"]
[EventCountry "ROU"]
[SourceTitle "CBM 208 Extra"]
[Source "ChessBase"]
[SourceDate "2022.07.31"]
[SourceVersion "1"]
[SourceVersionDate "2022.07.31"]
[SourceQuality "1"]

1. d4 Nf6 2. Nf3 c5 3. e3 d5 4. b3 Nc6 5. Bd3 Bg4 6. Bb2 e6 7. Nbd2 Bd6 8. h3 Bh5 9. 0-0 0-0 10. c4 cxd4 11. exd4 Bf4 12. Be2 Ne4 13. Nxe4 dxe4 14. Ne1 Bg6 15. Nc2 Qc7 16. Bc1 Rad8 17. Be3 Ne7 18. Qd2 Bd6 19. Qc3 Nd5 20. Qd2 Nf4 21. Rad1 b6 22. b4 Nd3 23. c5 Be7 24. Ne1 Nxe1 25. Rfxe1 bxc5 26. bxc5 Qc6 27. Qc3 f5 28. Bf4 Bf6 29. Bc4 Bf7 30. Bd6 Rfe8 31. Qb3 Rxd6 32. cxd6 Qxd6 33. Re2 g5 34. Rb2 Bxd4 35. Rbd2 Rd8 36. Rxd4 Qxd4 37. Rxd4 Rxd4 38. Bxe6 Rd7 39. Qb8+ 1-0

[Event "Arad op 9th"]
[Site "Arad"]
[Date "2016.08.10"]
[Round "6"]
[White "Vrajitoru, Vlad Laurentiu Flor"]
[Black "Manea, Alexandru"]
[Result "0-1"]
[WhiteElo "2142"]
[BlackElo "2396"]
[PlyCount "58"]
[EventDate "2016.08.06"]
[EventType "swiss"]
[EventRounds "9"]
[EventCountry "ROU"]
[SourceTitle "CBM 173 Extra"]
[Source "ChessBase"]
[SourceDate "2016.08.29"]
[SourceVersion "1"]
[SourceVersionDate "2016.08.29"]
[SourceQuality "1"]

1. d4 Nf6 2. c4 g6 3. Nc3 Bg7 4. e4 d6 5. f3 c6 6. Bg5 a6 7. Qd2 b5 8. Rd1 0-0 9. a3 Bb7 10. Nh3 Nbd7 11. Nf2 bxc4 12. Bxc4 a5 13. b4 axb4 14. axb4 Nb6 15. Be2 Ba6 16. Bxa6 Rxa6 17. 0-0 Qd7 18. Ra1 Rfa8 19. Rxa6 Rxa6 20. Rb1 Ne8 21. b5 cxb5 22. Nxb5 Ra4 23. g3 d5 24. exd5 Qf5 25. Re1 Nxd5 26. Kg2 Rb4 27. Nc3 Rxd4 28. Nxd5 Rxd5 29. Rxe7 Nd6 0-1

[Event "ROM-chT2"]
[Site "Mamaia"]
[Date "2015.10.08"]
[Round "6.5"]
[White "Vrajitoru, Vlad Laurentiu Flor"]
[Black "Olinici, Emanuel"]
[Result "1/2-1/2"]
[WhiteElo "2089"]
[BlackElo "2000"]
[PlyCount "28"]
[EventDate "2015.10.03"]
[EventType "team-tourn"]
[EventRounds "9"]
[EventCountry "ROU"]
[SourceTitle "CBM 169 Extra"]
[Source "ChessBase"]
[SourceDate "2015.12.18"]
[SourceVersion "1"]
[SourceVersionDate "2015.12.18"]
[SourceQuality "1"]
[WhiteTeam "Bucharest Comex"]
[BlackTeam "Brasov CSU"]
[WhiteTeamCountry "ROU"]
[BlackTeamCountry "ROU"]

1. d4 d5 2. c4 e6 3. Nc3 c6 4. e3 Nf6 5. Qc2 Nbd7 6. Nf3 Bd6 7. g4 Nxg4 8. Rg1 f5 9. h3 0-0 10. hxg4 fxg4 11. Nd2 Qh4 12. Rg2 e5 13. cxd5 exd4 14. Nde4 Ne5 1/2-1/2

[Event "ROM-ch U18"]
[Site "Calimanesti"]
[Date "2015.04.06"]
[Round "9"]
[White "Secheres, Adrian Simion"]
[Black "Vrajitoru, Vlad Laurentiu Flor"]
[Result "1-0"]
[WhiteElo "2179"]
[BlackElo "1925"]
[PlyCount "119"]
[EventDate "2015.03.30"]
[EventType "swiss"]
[EventRounds "9"]
[EventCountry "ROU"]
[SourceTitle "CBM 165 Extra"]
[Source "ChessBase"]
[SourceDate "2015.04.21"]
[SourceVersion "1"]
[SourceVersionDate "2015.04.21"]
[SourceQuality "1"]

1. d4 Nf6 2. c4 c5 3. d5 b5 4. cxb5 a6 5. bxa6 g6 6. Nc3 Bxa6 7. e4 Qa5 8. Bd2 Qb4 9. f3 Bxf1 10. Kxf1 d6 11. Nge2 Bg7 12. a4 Qb7 13. Nb5 Na6 14. g3 0-0 15. Kg2 Nd7 16. Bc3 Ne5 17. Qc1 Nc7 18. Nxc7 Qxc7 19. f4 Nd3 20. Qc2 Bxc3 21. Qxc3 Nb4 22. h4 Qd7 23. b3 Qg4 24. Qf3 Qxf3+ 25. Kxf3 Rfb8 26. Rhc1 f5 27. Rc3 Kf7 28. g4 fxe4+ 29. Kxe4 Na6 30. Kf3 Nc7 31. Rd1 Rb4 32. Nc1 Ra6 33. Na2 Rb7 34. Nc1 Rb4 35. Na2 Rb7 36. f5 c4 37. fxg6+ hxg6 38. Rxc4 Rxb3+ 39. Rc3 Rxc3+ 40. Nxc3 Ra5 41. Ke4 e6 42. dxe6+ Kxe6 43. Kd4 Rc5 44. Rf1 Ke7 45. g5 Ne6+ 46. Kd3 Ng7 47. Ra1 Ra5 48. Kc4 Nf5 49. Kb4 Ra7 50. Nb5 Ra8 51. a5 Kd7 52. Rf1 Ne7 53. Rf7 Ke6 54. Rf6+ Ke5 55. Rxd6 Kf4 56. a6 Kg4 57. Re6 Nd5+ 58. Kc5 Nf4 59. Re4 Rc8+ 60. Kb6 1-0

[Event "ROM-ch U18"]
[Site "Calimanesti"]
[Date "2015.04.03"]
[Round "6"]
[White "Vrajitoru, Vlad Laurentiu Flor"]
[Black "Jakab, Nandor"]
[Result "1/2-1/2"]
[WhiteElo "1925"]
[BlackElo "1754"]
[PlyCount "30"]
[EventDate "2015.03.30"]
[EventType "swiss"]
[EventRounds "9"]
[EventCountry "ROU"]
[SourceTitle "CBM 165 Extra"]
[Source "ChessBase"]
[SourceDate "2015.04.21"]
[SourceVersion "1"]
[SourceVersionDate "2015.04.21"]
[SourceQuality "1"]

1. d4 Nf6 2. c4 g6 3. Nc3 d5 4. Bg5 Ne4 5. Bh4 Nxc3 6. bxc3 Bg7 7. cxd5 Qxd5 8. e3 c5 9. Qf3 Be6 10. Bb5+ Nd7 11. Rb1 Qxa2 12. Bxd7+ Bxd7 13. Qxb7 Rc8 14. Nf3 cxd4 15. exd4 Qc4 1/2-1/2

[Event "ROM-ch U18"]
[Site "Calimanesti"]
[Date "2015.04.02"]
[Round "5"]
[White "Miroi, Robert Andrei"]
[Black "Vrajitoru, Vlad Laurentiu Flor"]
[Result "1/2-1/2"]
[WhiteElo "1833"]
[BlackElo "1925"]
[PlyCount "159"]
[EventDate "2015.03.30"]
[EventType "swiss"]
[EventRounds "9"]
[EventCountry "ROU"]
[SourceTitle "CBM 165 Extra"]
[Source "ChessBase"]
[SourceDate "2015.04.21"]
[SourceVersion "1"]
[SourceVersionDate "2015.04.21"]
[SourceQuality "1"]

1. e4 c6 2. d4 d5 3. exd5 cxd5 4. Bd3 Nc6 5. c3 Nf6 6. Bf4 Bg4 7. Qb3 Na5 8. Qa4+ Bd7 9. Qc2 Qb6 10. a4 Rc8 11. Nd2 Nc4 12. Ra2 Nh5 13. Bg3 g6 14. Ngf3 Bg7 15. 0-0 Nxg3 16. hxg3 0-0 17. Re1 Rfe8 18. Ne5 Nxe5 19. dxe5 Be6 20. Nf3 d4 21. c4 Qc5 22. b3 a5 23. Qd2 Rcd8 24. Raa1 f6 25. exf6 exf6 26. Re4 f5 27. Re2 h6 28. Rae1 Bd7 29. Rxe8+ Rxe8 30. Rxe8+ Bxe8 31. Qf4 Bc6 32. Nh4 Kh7 33. g4 Be5 34. Qd2 Bf6 35. Nf3 fxg4 36. Nh2 h5 37. Nf1 Qe5 38. Qc2 Qg5 39. Ng3 Be5 40. c5 h4 41. Ne4 Qf4 42. g3 hxg3 43. Nxg3 Qh6 44. Qc4 Bxg3 45. Qf7+ Qg7 46. Bxg6+ Kh6 47. fxg3 Qxg6 48. Qf8+ Kh7 49. Qe7+ Kg8 50. Qd8+ Kf7 51. Qc7+ Kf8 52. Qd8+ Be8 53. Qxd4 Qb1+ 54. Kh2 Qb2+ 55. Kg1 Qxb3 56. Qf6+ Qf7 57. Qh6+ Kg8 58. Qg5+ Qg7 59. Qd5+ Bf7 60. Qd8+ Kh7 61. Qh4+ Qh6 62. Qxg4 Qe3+ 63. Kh2 Qf2+ 64. Kh3 Qf1+ 65. Kh2 Qf2+ 66. Kh3 Qxc5 67. Qe4+ Kg7 68. Qxb7 Qf5+ 69. Kh2 Qc2+ 70. Kg1 Qxa4 71. Qb2+ Kh7 72. Qb1+ Bg6 73. Qb7+ Kh6 74. Qe7 Qd4+ 75. Kh2 Qf2+ 76. Kh1 Qf1+ 77. Kh2 Qf2+ 78. Kh1 Qxg3 79. Qh7+ Kg5 80. Qxg6+ 1/2-1/2

[Event "ROM-ch U18"]
[Site "Calimanesti"]
[Date "2015.04.02"]
[Round "4"]
[White "Vrajitoru, Vlad Laurentiu Flor"]
[Black "Nastase, Robert Paul"]
[Result "0-1"]
[WhiteElo "1925"]
[BlackElo "2197"]
[PlyCount "70"]
[EventDate "2015.03.30"]
[EventType "swiss"]
[EventRounds "9"]
[EventCountry "ROU"]
[SourceTitle "CBM 165 Extra"]
[Source "ChessBase"]
[SourceDate "2015.04.21"]
[SourceVersion "1"]
[SourceVersionDate "2015.04.21"]
[SourceQuality "1"]

1. d4 d5 2. c4 c6 3. Nc3 e6 4. e3 Nf6 5. Nf3 Nbd7 6. Qc2 Bd6 7. Bd3 dxc4 8. Bxc4 b5 9. Bd3 Bb7 10. 0-0 a6 11. Ne4 Nxe4 12. Bxe4 Qc7 13. h3 f5 14. Bd3 c5 15. Ng5 Nf8 16. dxc5 Qxc5 17. Qxc5 Bxc5 18. Re1 h6 19. Nf3 Rd8 20. Bc2 Rc8 21. Re2 Bxf3 22. gxf3 Ng6 23. f4 Nh4 24. Bd1 Ke7 25. Rc2 Bb4 26. Bd2 Bxd2 27. Rxd2 g5 28. fxg5 hxg5 29. a4 b4 30. Be2 Ng6 31. Bxa6 Rc7 32. f3 e5 33. Kg2 Kf6 34. Rad1 g4 35. hxg4 fxg4 0-1

[Event "ROM-ch U16"]
[Site "Calimanesti"]
[Date "2014.04.07"]
[Round "2"]
[White "Vrajitoru, Vlad Laurentiu Flor"]
[Black "Mamele, Stefan Bogdan"]
[Result "1-0"]
[WhiteElo "1825"]
[BlackElo "1588"]
[PlyCount "120"]
[EventDate "2014.04.06"]
[EventType "swiss"]
[EventRounds "9"]
[EventCountry "ROU"]
[SourceTitle "CBM 160 Extra"]
[Source "ChessBase"]
[SourceDate "2014.07.01"]
[SourceVersion "1"]
[SourceVersionDate "2014.07.01"]
[SourceQuality "1"]

1. d4 Nf6 2. c4 e6 3. Nc3 Bb4 4. e3 0-0 5. Bd3 c5 6. Nf3 d5 7. 0-0 Nc6 8. a3 Bxc3 9. bxc3 dxc4 10. Bxc4 Qc7 11. Qe2 Rd8 12. Rd1 Na5 13. Bd3 Nd5 14. Qc2 h6 15. c4 Nf6 16. Bb2 Nd7 17. Qc3 f6 18. Rac1 b6 19. d5 exd5 20. cxd5 Bb7 21. e4 Qf4 22. h3 Rac8 23. Bc2 Ba6 24. g3 Qb8 25. Nh4 Nc4 26. Nf5 Nxb2 27. Qxb2 Ne5 28. Ne7+ Kf8 29. Nxc8 Qxc8 30. Kg2 Qd7 31. f4 Nf7 32. Bd3 Bc8 33. Rh1 Bb7 34. Be2 f5 35. Bf3 fxe4 36. Bxe4 Bxd5 37. Bxd5 Qxd5+ 38. Kg1 Qf3 39. Qf2 Qxa3 40. Kh2 Rc8 41. Ra1 Qd3 42. Rhd1 Qb3 43. Rdb1 Qd3 44. Rd1 Qb3 45. Rd7 c4 46. Raxa7 c3 47. Rxf7+ Qxf7 48. Rxf7+ Kxf7 49. Qxb6 Ke8 50. Qe6+ Kd8 51. Qg8+ Kc7 52. Qxg7+ Kb8 53. Qe5+ Kb7 54. Qe4+ Kb6 55. Qc2 Rc4 56. Kg2 Kc5 57. Kf3 Kd4 58. Ke2 h5 59. Qd3+ Kc5 60. Qc2 Kb4 1-0

[Event "ROM-ch U16"]
[Site "Calimanesti"]
[Date "2013.04.07"]
[Round "8"]
[White "Vrajitoru, Vlad Laurentiu Flor"]
[Black "Gheorghe, Darius Daniel"]
[Result "0-1"]
[WhiteElo "1815"]
[BlackElo "1864"]
[PlyCount "186"]
[EventDate "2013.04.02"]
[EventType "swiss"]
[EventRounds "9"]
[EventCountry "ROU"]
[SourceTitle "CBM 153 Extra"]
[Source "ChessBase"]
[SourceDate "2013.04.22"]
[SourceVersion "1"]
[SourceVersionDate "2013.04.22"]
[SourceQuality "1"]

1. d4 Nf6 2. c4 e6 3. Nc3 Bb4 4. e3 b6 5. Bd3 Bb7 6. Nf3 Ne4 7. 0-0 Bxc3 8. bxc3 f5 9. Ne1 0-0 10. f3 Nf6 11. Nc2 d6 12. Qe2 Nbd7 13. Bd2 Qe8 14. e4 fxe4 15. fxe4 e5 16. Rae1 Qg6 17. Rf5 h6 18. Ref1 Kh7 19. d5 Ng8 20. Ne3 Ne7 21. Rxf8 Rxf8 22. Rxf8 Nxf8 23. g4 Nd7 24. h3 Nc5 25. Ng2 Ng8 26. Nh4 Qf6 27. Nf5 Ne7 28. Ng3 Bc8 29. Kg2 Ng6 30. Nh5 Qf7 31. Bc2 Nh4+ 32. Kg3 g5 33. Be3 Nd7 34. Kh2 Qf3 35. Qxf3 Nxf3+ 36. Kg3 Nh4 37. Ba4 Kg6 38. Kf2 Nf6 39. Ng3 h5 40. gxh5+ Nxh5 41. Nxh5 Kxh5 42. Bd1+ Kg6 43. Kg3 Kf6 44. Bh5 Ba6 45. Kg4 Bc8+ 46. Kg3 Bd7 47. Bd1 Ng6 48. Bd2 Bc8 49. Be2 Nf4 50. Bf1 Bd7 51. h4 gxh4+ 52. Kxh4 Ba4 53. Kg3 Ng6 54. Be2 Bc2 55. Kf3 Nh8 56. Ke3 Nf7 57. Bd3 Ba4 58. Be1 Ke7 59. Bh4+ Kd7 60. Be2 Kc8 61. Bg4+ Bd7 62. Be2 Nd8 63. Bxd8 Kxd8 64. Bd1 Ke7 65. Kf3 Kf6 66. Kg3 Kg5 67. Be2 Ba4 68. Bd3 Bd1 69. Bf1 Bc2 70. Kf3 Kh4 71. Be2 a5 72. a3 Bb3 73. Bf1 Bd1+ 74. Ke3 Kg3 75. Bd3 Kg2 76. Kd2 Bh5 77. Ke3 Bg4 78. c5 dxc5 79. Bb5 Bc8 80. Bd3 Bd7 81. c4 Bg4 82. Bc2 Kf1 83. Ba4 Ke1 84. Bc2 Bd1 85. Bd3 Bb3 86. Be2 Ba2 87. Kd3 Kf2 88. Bh5 Bb1+ 89. Kc3 Bxe4 90. Bf7 Bf5 91. Kb3 e4 92. Ka4 Bd7+ 93. Kb3 e3 0-1

[Event "ROM-ch U12"]
[Site "Voineasa"]
[Date "2010.04.11"]
[Round "6"]
[White "Geiger, Alex Emanuel"]
[Black "Vrajitoru, Vlad Laurentiu Flor"]
[Result "0-1"]
[WhiteElo "1686"]
[BlackElo "1867"]
[PlyCount "124"]
[EventDate "2010.04.08"]
[EventType "swiss"]
[EventRounds "9"]
[EventCountry "ROU"]
[SourceTitle "EXT 2020"]
[Source "ChessBase"]
[SourceDate "2019.10.17"]
[SourceVersion "1"]
[SourceVersionDate "2019.10.17"]
[SourceQuality "1"]

1. d4 d5 2. Bf4 Nf6 3. e3 c5 4. c3 Nc6 5. Bd3 Bg4 6. Qc2 e6 7. h3 Bh5 8. Nd2 Rc8 9. Ngf3 cxd4 10. exd4 Bd6 11. Bxd6 Qxd6 12. 0-0 0-0 13. Rfe1 Qc7 14. Qc1 Rb8 15. Ne5 b5 16. Nxc6 Qxc6 17. Be2 Bg6 18. Nf3 Nd7 19. Bf1 Rfc8 20. Qd2 a5 21. a3 Qb6 22. Rac1 Rc7 23. Bd3 Bxd3 24. Qxd3 Rbc8 25. Qd2 Rc4 26. Kf1 Qc7 27. Re3 b4 28. axb4 axb4 29. Ke2 bxc3 30. Rexc3 Qb6 31. Rxc4 dxc4 32. Rc2 Qb7 33. Kf1 Qb5 34. Kg1 Nb6 35. Qc1 Kf8 36. Ne5 Qa4 37. Nf3 Rd8 38. Qd2 Qb5 39. Qc1 Qa6 40. Qd2 Qb5 41. Qc1 Qd5 42. Qd2 Qb5 43. Qc1 Ra8 44. Qd2 Ra1+ 45. Rc1 Rxc1+ 46. Qxc1 Na4 47. Nd2 Qxb2 48. Qxb2 Nxb2 49. Nb1 Na4 50. Kf1 Ke7 51. Ke2 Kd6 52. Kd2 f6 53. f3 Kd5 54. Nc3+ Nxc3 55. Kxc3 e5 56. dxe5 fxe5 57. g3 g5 58. g4 h6 59. Kd2 Kd4 60. Ke2 c3 61. Kd1 Kd3 62. Kc1 c2 0-1